Loading...
Economics of urban problems / an introduction /
| Main Author: | |
|---|---|
| Format: | Printed Book |
| Language: | English |
| Published: |
Boston
Houghten Unifflin Co.
1971
|
| LEADER | 00509 a2200133 4500 | ||
|---|---|---|---|
| 008 | 100208b ||||| |||| 00| 0 eng d | ||
| 082 | |a 330.91732 | ||
| 100 | |a Schreiber, Arthur F. | ||
| 245 | |a Economics of urban problems / |b an introduction / | ||
| 260 | |b Houghten Unifflin Co. |a Boston |c 1971 | ||
| 500 | |a Gift | ||
| 942 | |c BK | ||
| 999 | |c 310360 |d 310360 | ||
| 952 | |0 0 |1 0 |2 ddc |4 0 |6 330_917320000000000_SCH_EC |7 0 |9 356452 |a ECN |b ECN |c GEN |d 2010-09-07 |e USIS Library, Madras |i 871 |l 0 |o 330.91732 SCH/EC |p ECN871 |r 2010-09-07 |w 2010-09-07 |y BK | ||